<?xml version="1.0" encoding="UTF-8"?><?xml-stylesheet type="text/xsl" href="static/style.xsl"?><OAI-PMH xmlns="http://www.openarchives.org/OAI/2.0/" xmlns:xsi="http://www.w3.org/2001/XMLSchema-instance" xsi:schemaLocation="http://www.openarchives.org/OAI/2.0/ http://www.openarchives.org/OAI/2.0/OAI-PMH.xsd"><responseDate>2026-04-19T07:35:36Z</responseDate><request verb="GetRecord" identifier="oai:riubu.ubu.es:10259/10200" metadataPrefix="marc">https://riubu.ubu.es/oai/request</request><GetRecord><record><header><identifier>oai:riubu.ubu.es:10259/10200</identifier><datestamp>2025-03-14T11:06:08Z</datestamp><setSpec>com_10259_6171</setSpec><setSpec>com_10259_5086</setSpec><setSpec>com_10259_2604</setSpec><setSpec>col_10259_7105</setSpec></header><metadata><record xmlns="http://www.loc.gov/MARC21/slim" xmlns:doc="http://www.lyncode.com/xoai" xmlns:xsi="http://www.w3.org/2001/XMLSchema-instance" xmlns:dcterms="http://purl.org/dc/terms/" xsi:schemaLocation="http://www.loc.gov/MARC21/slim http://www.loc.gov/standards/marcxml/schema/MARC21slim.xsd">
<leader>00925njm 22002777a 4500</leader>
<datafield tag="042" ind1=" " ind2=" ">
<subfield code="a">dc</subfield>
</datafield>
<datafield tag="720" ind1=" " ind2=" ">
<subfield code="a">Hurtado Alonso, Nerea</subfield>
<subfield code="e">author</subfield>
</datafield>
<datafield tag="720" ind1=" " ind2=" ">
<subfield code="a">López Ausín, Víctor</subfield>
<subfield code="e">author</subfield>
</datafield>
<datafield tag="720" ind1=" " ind2=" ">
<subfield code="a">Santamaría, Amaia</subfield>
<subfield code="e">author</subfield>
</datafield>
<datafield tag="720" ind1=" " ind2=" ">
<subfield code="a">Fiol Olivan, Francisco</subfield>
<subfield code="e">author</subfield>
</datafield>
<datafield tag="720" ind1=" " ind2=" ">
<subfield code="a">Skaf Revenga, Marta</subfield>
<subfield code="e">author</subfield>
</datafield>
<datafield tag="720" ind1=" " ind2=" ">
<subfield code="a">Manso Villalaín, Juan Manuel</subfield>
<subfield code="e">author</subfield>
</datafield>
<datafield tag="260" ind1=" " ind2=" ">
<subfield code="c">2024</subfield>
</datafield>
<datafield tag="520" ind1=" " ind2=" ">
<subfield code="a">It is generally acknowledged that it is an urgent task of the concrete industry to find new ways&#xd;
of introducing waste materials in their mixtures in order to increase its sustainability. Wind&#xd;
power industry can play an important role in this challenge, while solving the problem of the&#xd;
recycling of the old wind turbine structures that are reaching the end of their lifecycle, which&#xd;
is currently imperative. Hence, the need for the disposal of Waste Wind-Turbine Blade&#xd;
(WWTB) sets an opportunity to introduce it after crushing as a raw material in concrete, being&#xd;
able to reduce its content of natural aggregates and cement. This research aims to conduct an&#xd;
exhaustive material characterization and analyse the feasibility of adding WWTB in concrete&#xd;
for structural purposes. For this study, five different concrete mixes were produced with&#xd;
variable WWTB volume contents (0.0%, 1.5%, 3.0%, 4.5% and 6.0%). The amount of&#xd;
siliceous aggregate used in all five mixtures remained invariable, as well as the cement&#xd;
content. All the resulting mixtures were characterised in terms of the slump, fresh- and&#xd;
hardened-density tests. Besides, splitting tensile strength and flexural strength allowed&#xd;
evaluating the performance of the concrete mixes under tensile stresses. The results&#xd;
demonstrate that a rise in the WWTB content up to 1.5% can result in a slight increase of the&#xd;
splitting tensile strength, whereas high contents of this waste (6.0%) allow maintaining&#xd;
constant the flexural strength. The values of both properties remain approximately stable&#xd;
when adding WWTB, thus preserving the basic mechanical properties of structural concrete.&#xd;
According to this study, it is feasible to evaluate the addition of WWTB as a method of&#xd;
obtaining structural concrete without compromising any of its tensile-related mechanical&#xd;
properties, simultaneously transform an industry hitherto considered polluting into a more&#xd;
sustainable one.</subfield>
</datafield>
<datafield tag="024" ind2=" " ind1="8">
<subfield code="a">978-84-09-58990-6</subfield>
</datafield>
<datafield tag="024" ind2=" " ind1="8">
<subfield code="a">978-84-09-58989-0</subfield>
</datafield>
<datafield tag="024" ind2=" " ind1="8">
<subfield code="a">2386-8198</subfield>
</datafield>
<datafield tag="024" ind2=" " ind1="8">
<subfield code="a">http://hdl.handle.net/10259/10200</subfield>
</datafield>
<datafield ind1=" " ind2=" " tag="653">
<subfield code="a">Concrete</subfield>
</datafield>
<datafield ind1=" " ind2=" " tag="653">
<subfield code="a">Wind-turbine Blade</subfield>
</datafield>
<datafield ind1=" " ind2=" " tag="653">
<subfield code="a">Mechanical properties</subfield>
</datafield>
<datafield ind1=" " ind2=" " tag="653">
<subfield code="a">Tensile stresses</subfield>
</datafield>
<datafield tag="245" ind1="0" ind2="0">
<subfield code="a">Evaluation of the behaviour of structural concrete bearing waste wind-turbine blade under tensile stresses</subfield>
</datafield>
</record></metadata></record></GetRecord></OAI-PMH>